000 00252nam a2200109Ia 4500
008 190216s9999||||xx |||||||||||||| ||und||
100 _aViswanath Sathyarjunan
245 0 _aHindi-Yek Veera
260 _bHindi Pracharak
650 _aHindi
942 _cBK
999 _c15282
_d15282